| 000 | 00514cam a2200193ua 4500 | ||
|---|---|---|---|
| 001 | 11848 | ||
| 008 | 191114n ii |||gr||||Z||||||eng | ||
| 020 | _a818333198x | ||
| 040 | _cMAIN | ||
| 082 | _a004 | ||
| 100 |
_aMaxim Kuznetsov, _eAuthor. |
||
| 245 |
_aPHP security and cracking puzzles _cBy Maxim Kuznetsov |
||
| 250 | _a1st ed. | ||
| 260 |
_aNew Delhi: _bBpb publications, _c2007. |
||
| 300 | _a388p. | ||
| 653 | _aData processing & computer science | ||
| 700 |
_aIgor Simdyanov, _eAuthor. |
||
| 942 | _cBK | ||
| 999 |
_c10642 _d10642 |
||